Handbook of noise control / (Record no. 2461)

000 -LEADER
fixed length control field 00404nam a22001457a 4500
008 - FIXED-LENGTH DATA ELEMENTS--GENERAL INFORMATION
fixed length control field 200304b ||||| |||| 00| 0 eng d
020 ## - INTERNATIONAL STANDARD BOOK NUMBER
International Standard Book Number 070268088
082 00 - DEWEY DECIMAL CLASSIFICATION NUMBER
Classification number 620.23
Item number H3131
245 10 - TITLE STATEMENT
Title Handbook of noise control /
260 ## - PUBLICATION, DISTRIBUTION, ETC. (IMPRINT)
Place of publication, distribution, etc New York
Name of publisher, distributor, etc McGraw-Hill
Date of publication, distribution, etc 1957
300 ## - PHYSICAL DESCRIPTION
Extent ix, 40-12 p.
650 #0 - SUBJECT ADDED ENTRY--TOPICAL TERM
Topical term or geographic name as entry element Noise Control
700 ## - ADDED ENTRY--PERSONAL NAME
9 (RLIN) 2053
Personal name Harrris, Cyril M.
Relator term editor
942 ## - ADDED ENTRY ELEMENTS (KOHA)
Item type Books
Holdings
Withdrawn status Lost status Source of classification or shelving scheme Damaged status Not for loan Permanent location Current location Date acquired Full call number Barcode Date last seen Koha item type
          IMU Kolkata IMU Kolkata 2020-03-04 620.23 H3131 04722 2020-03-04 Books
Designed and Maintained by IMU-KC Library, Kolkata Campus © Copyright All Rights Reserved

webs counters

Powered by Koha